Estimating Information Service No.34. Contractor Selection: a guide to good practice (Record no. 95723)

MARC details
000 -LEADER
fixed length control field 00499cam a2200181 4500
001 - CONTROL NUMBER
control field D5864
008 - FIXED-LENGTH DATA ELEMENTS--GENERAL INFORMATION
fixed length control field 090401t1979 xxu||||| |||| 00| 0 eng d
035 ## - SYSTEM CONTROL NUMBER
System control number (Sirsi) u73867
041 ## - LANGUAGE CODE
Language code of text/sound track or separate title eng
050 ## - LIBRARY OF CONGRESS CALL NUMBER
Classification number 692.8
110 ## - MAIN ENTRY--CORPORATE NAME
Corporate name or jurisdiction name as entry element The Institute of Building
9 (RLIN) 1387
245 ## - TITLE STATEMENT
Title Estimating Information Service No.34. Contractor Selection: a guide to good practice
260 ## - PUBLICATION, DISTRIBUTION, ETC.
Place of publication, distribution, etc. Ascot, Berks
Name of publisher, distributor, etc. The Institute of Building
Date of publication, distribution, etc. 1979
300 ## - PHYSICAL DESCRIPTION
Extent 12p. 30cm
350 ## - PRICE (NR) (BK AM CF MU VM SE) [OBSOLETE]
Price 0
942 ## - ADDED ENTRY ELEMENTS (KOHA)
Suppress in OPAC 0
948 ## - LOCAL PROCESSING INFORMATION (OCLC); SERIES PART DESIGNATOR (RLIN)
c (OCLC) 04/03/1997
Holdings
Withdrawn status Lost status Source of classification or shelving scheme Damaged status Not for loan Home library Current library Shelving location Date acquired Total Checkouts Full call number Barcode Date last seen Copy number Price effective from Koha item type
    Other/Generic Classification Scheme     London London Boxed set 18/02/1994   BOXED SET 30038729 06/08/2019 1 06/08/2019 Book